000 00934nam a2200265 a 4500
001 000010875
005 20200929162318.0
008 771205s1976 ve af b f000 0 spa d
010 _a77561643
035 _a(DLC) 77561643
040 _aDO-SdBNP
_cDLC
_dDLC
043 _as-ve---
082 _a591.87
_bS479m
100 1 _aSequera de Gómez, Carmen,
_926225
245 1 3 _aEl Mensaje de La Petrolia /
_cRafael Maria Rosales [compilador].
250 _a2. ed.
260 _aCaracas :
_bPresidencia de la Republica,
_c1976.
300 _a222 p., [9] leaves of plates :
_bill. ;
_c22 cm.
500 _aIncludes essays and documents on the history of the Venezuelan oil industry from its beginnings to the present.
504 _aIncludes bibliographical references.
650 4 _aFauna
_zVenezuela
_926226
650 4 _aFauna
_xHistoria
_926227
700 1 _aRosales, Rafael Maria.
_926228
910 _aCatalogación por copia / LC
999 _c10624
_d10624